000 nam a22 7a 4500
999 _c7517
_d7517
008 170920b xxu||||| |||| 00| 0 eng d
100 _aBerger Carl F
_94043
245 _aScience
260 _aUnited States of America
_bHoughton Mifflin Publishers
_c1979